Bezpečný prenos údajov kanálom reproduktor-mikrofón v mobilnom svete

Salvato in:
Dettagli Bibliografici
Autore principale: Szakszová, Katarína (Autore)
Altri autori: Kováčik, Tomáš (Relatore della tesi)
Natura: Manoscritto Libro
Lingua:slovacco
Pubblicazione: 2017
Soggetti:
Accesso online:http://is.stuba.sk/zp/portal_zp.pl?podrobnosti=127002
Tags: Aggiungi Tag
Nessun Tag, puoi essere il primo ad aggiungerne!!

MARC

LEADER 00000ntm a22000003a 4500
001 stuzp64688
003 SK-STU
005 20170624213809.9
007 ta
008 150427s2015----xo-----f-mn---000-0-slo-d
040 |a STU  |b slo 
041 0 |a slo 
100 1 |a Szakszová, Katarína  |u 070400  |4 aut  |U FIIT Fakulta informatiky a informačných technológií  |T FIIT Ústav počítačového inžinierstva a aplikovanej informatiky  |X 53093  |U I400  |Y 672  |7 53093 
242 0 1 |a Secure data transmission via channel speaker – microphone in the mobile world  |y eng 
245 1 0 |a Bezpečný prenos údajov kanálom reproduktor-mikrofón v mobilnom svete 
260 |c 2017 
650 4 |a Chirp signál  |2 slo 
650 4 |a nízko-rýchlostný prenos  |2 slo 
650 4 |a audio komunikácia  |2 slo 
650 4 |a low speed data transfer  |2 eng 
650 4 |a audio communication  |2 eng 
650 4 |a Chirp signal  |2 eng 
700 1 |a Kováčik, Tomáš  |u 070400  |k Z8  |4 ths  |U FIIT Fakulta informatiky a informačných technológií  |T FIIT Ústav počítačového inžinierstva a aplikovanej informatiky  |X 11781  |U I400  |Y 672  |7 11781 
856 4 |u http://is.stuba.sk/zp/portal_zp.pl?podrobnosti=127002 
996 |b 11209  |c I* DP120/17  |l II680  |s P  |a 0  |w stuzp64688_0001